<?xml version="1.0" encoding="UTF-8"?>
<record
    xmlns:xsi="http://www.w3.org/2001/XMLSchema-instance"
    xsi:schemaLocation="http://www.loc.gov/MARC21/slim http://www.loc.gov/standards/marcxml/schema/MARC21slim.xsd"
    xmlns="http://www.loc.gov/MARC21/slim">

  <leader>02060nam a2200241 a 4500</leader>
  <controlfield tag="003">OSt</controlfield>
  <controlfield tag="005">20210122114342.0</controlfield>
  <controlfield tag="008">180327s2009    dr           o000 0 spa d</controlfield>
  <datafield tag="040" ind1=" " ind2=" ">
    <subfield code="a">DO-SdBNP</subfield>
    <subfield code="b">spa</subfield>
    <subfield code="c">BNPHU</subfield>
  </datafield>
  <datafield tag="082" ind1=" " ind2="4">
    <subfield code="a">352.48</subfield>
    <subfield code="b">R426p, 2009</subfield>
    <subfield code="2">22</subfield>
  </datafield>
  <datafield tag="110" ind1="2" ind2=" ">
    <subfield code="a">Rep&#xFA;blica Dominicana</subfield>
    <subfield code="9">11088</subfield>
    <subfield code="b">Secretar&#xED;a de Estado de Hacienda </subfield>
  </datafield>
  <datafield tag="240" ind1=" " ind2=" ">
    <subfield code="a"> [Leyes, etc.]</subfield>
  </datafield>
  <datafield tag="245" ind1="1" ind2="0">
    <subfield code="a">Presupuesto de ingresos y ley de gastos p&#xFA;blicos  2009 </subfield>
  </datafield>
  <datafield tag="260" ind1=" " ind2=" ">
    <subfield code="a">Santo Domingo :</subfield>
    <subfield code="b">Secretaria de Estado de Hacienda. Direcci&#xF3;n General de Presupuesto</subfield>
    <subfield code="c">2009</subfield>
  </datafield>
  <datafield tag="300" ind1=" " ind2=" ">
    <subfield code="a">2v. ;</subfield>
    <subfield code="c">28 cm.</subfield>
  </datafield>
  <datafield tag="505" ind1="2" ind2=" ">
    <subfield code="a">v.1. : Presupuesto del Gobierno Central --</subfield>
    <subfield code="t"> Primera parte : Presupuesto de ingresos y ley de gastos  p&#xFA;blicos -- </subfield>
    <subfield code="t">Segunda parte : Informaci&#xF3;n  de los ingresos  --</subfield>
    <subfield code="t">Gr&#xE1;ficos de los ingresos  -- </subfield>
    <subfield code="t">Informaci&#xF3;n de los ingresos --</subfield>
    <subfield code="t">Recursos externos y contrapartidas por Secretar&#xED;a de Estado -- </subfield>
    <subfield code="t">Transferencias a instituciones por fuente de financiamiento --</subfield>
    <subfield code="t">Proyecto por programa, fuentes y organismo financiador, seg&#xFA;n cap&#xED;tulos --</subfield>
    <subfield code="t">Programas sociales </subfield>
    <subfield code="t">Estimaci&#xF3;n de los gastos tributarios  --</subfield>
    <subfield code="t">Matriz de gastos tributarios --</subfield>
    <subfield code="t">Tercera parte : Distribuci&#xF3;n institucional de los gastos presupuestados --</subfield>
    <subfield code="t">Poder Legislativo --</subfield>
    <subfield code="t">Poder Judicial --</subfield>
    <subfield code="t">Organismos especiales --</subfield>
    <subfield code="t">Programas virtuales --</subfield>
    <subfield code="t">Cuarta parte -- </subfield>
    <subfield code="t">Cuarta parte : Transferencias corrientes a organizaciones no gubernamentales (ONG).</subfield>
    <subfield code="t">v.2 : Presupuesto de las instituciones descentralizadas y aut&#xF3;nomas no financieras y de las instituciones p&#xFA;blicas de la seguridad social.</subfield>
    <subfield code="t">Primera parte :Presupuesto de ingresos y gastos de las instituciones descentralizadas y aut&#xF3;nomas no financieras  </subfield>
    <subfield code="t">Resumen del proyecto de presupuesto de ingresos a&#xF1;o 2009 --</subfield>
    <subfield code="t">Resumen del presupuesto de gastos.</subfield>
  </datafield>
  <datafield tag="590" ind1=" " ind2=" ">
    <subfield code="a">Inventariado, 2021 /VM</subfield>
  </datafield>
  <datafield tag="650" ind1=" " ind2="4">
    <subfield code="a">Gasto p&#xFA;blico</subfield>
    <subfield code="x">Legislaci&#xF3;n</subfield>
    <subfield code="z">Rep&#xFA;blica Dominicana</subfield>
    <subfield code="9">7940</subfield>
    <subfield code="2"> </subfield>
  </datafield>
  <datafield tag="650" ind1=" " ind2="4">
    <subfield code="a">Hacienda p&#xFA;blica</subfield>
    <subfield code="z">Rep&#xFA;blica Dominicana</subfield>
    <subfield code="9">6562</subfield>
  </datafield>
  <datafield tag="650" ind1=" " ind2="4">
    <subfield code="a">Finanzas p&#xFA;blicas  </subfield>
    <subfield code="z">Rep&#xFA;blica Dominicana</subfield>
    <subfield code="9">3033</subfield>
  </datafield>
  <datafield tag="910" ind1=" " ind2=" ">
    <subfield code="a">VMateo/Validado. Control de calidad MFF</subfield>
  </datafield>
  <datafield tag="942" ind1=" " ind2=" ">
    <subfield code="2">ddc</subfield>
    <subfield code="c">LBS1</subfield>
  </datafield>
  <datafield tag="952" ind1=" " ind2=" ">
    <subfield code="0">0</subfield>
    <subfield code="1">0</subfield>
    <subfield code="2">ddc</subfield>
    <subfield code="5">3</subfield>
    <subfield code="7">2</subfield>
    <subfield code="8">PD</subfield>
    <subfield code="a">BNPHU</subfield>
    <subfield code="b">PD</subfield>
    <subfield code="c">HD</subfield>
    <subfield code="d">2021-01-13</subfield>
    <subfield code="e">DIGEPRES</subfield>
    <subfield code="l">0</subfield>
    <subfield code="o">BNPHU PD 352.48 R426p 2009</subfield>
    <subfield code="p">2021-0076</subfield>
    <subfield code="r">2021-01-13</subfield>
    <subfield code="t">v.1</subfield>
    <subfield code="w">2021-01-13</subfield>
    <subfield code="y">LFPD</subfield>
  </datafield>
  <datafield tag="952" ind1=" " ind2=" ">
    <subfield code="0">0</subfield>
    <subfield code="1">0</subfield>
    <subfield code="2">ddc</subfield>
    <subfield code="5">1</subfield>
    <subfield code="7">2</subfield>
    <subfield code="8">PD</subfield>
    <subfield code="a">BNPHU</subfield>
    <subfield code="b">PD</subfield>
    <subfield code="c">HD</subfield>
    <subfield code="d">2021-01-13</subfield>
    <subfield code="e">DIGEPRES</subfield>
    <subfield code="l">0</subfield>
    <subfield code="o">BNPHU PD 352.48 R426p 2009</subfield>
    <subfield code="p">2021-0077</subfield>
    <subfield code="r">2021-01-13</subfield>
    <subfield code="t">v.2</subfield>
    <subfield code="w">2021-01-13</subfield>
    <subfield code="y">LFPD</subfield>
  </datafield>
  <datafield tag="999" ind1=" " ind2=" ">
    <subfield code="c">49316</subfield>
    <subfield code="d">49316</subfield>
  </datafield>
</record>
